000 00470nam a2200217Ia 4500
001 082491
003 YMCAF
005 20230512161354.0
008 100717s2001 ||||||||||||||||| ||und|d
024 _a82491
035 _a21951
040 _aYMCAF
_beng
_cIN-KoLT
041 _aeng
082 _a621.319
_b13 NAI
100 _aNaidu and Kamaraju
245 0 _aHigh voltage engineering
250 _a2nd
260 _bTMH
_c2001
300 _a372
942 _2ddc
_cBK
999 _c8311
_d8311